|
|
|
|
| LEADER |
01393nam a22003494a 4500 |
| 001 |
39279 |
| 003 |
BD-DhAAL |
| 008 |
220804t2001 dcua b 000 0 eng d |
| 999 |
|
|
|c 44741
|d 44741
|
| 010 |
|
|
|a 00054132
|
| 020 |
|
|
|a 1557759928 (alk. paper)
|
| 040 |
|
|
|a DLC
|c DLC
|d DLC
|d BD-DhAAL
|
| 042 |
|
|
|a pcc
|
| 043 |
|
|
|a a-ii---
|
| 050 |
0 |
0 |
|a HC435.2
|b .I484 2001
|
| 082 |
0 |
0 |
|a 330.954
|2 21
|
| 245 |
0 |
0 |
|a India at the crossroads :
|b sustaining growth and reducing poverty /
|c edited by Tim Callen, Patricia Reynolds, Christopher Towe.
|
| 260 |
|
|
|a Washington, D.C. :
|b International Monetary Fund,
|c c2001.
|
| 300 |
|
|
|a ix, 192 pages :
|b illustrations ;
|c 23 cm.
|
| 504 |
|
|
|a Includes bibliographical references.
|
| 541 |
|
|
|a Donated By Akbar Ali Khan
|e 39279
|
| 650 |
|
0 |
|a Fiscal policy
|z India.
|9 50623
|
| 650 |
|
0 |
|a Sustainable development
|z India.
|9 50624
|
| 650 |
|
0 |
|a Economics.
|9 50625
|
| 651 |
|
0 |
|a India
|x Economic policy
|y 1991-
|9 50626
|
| 651 |
|
0 |
|a India
|x Economic conditions
|y 1947-
|9 50627
|
| 700 |
1 |
|
|a Callen, Tim.
|9 50628
|
| 700 |
1 |
|
|a Reynolds, Patricia,
|d 1961-
|9 50629
|
| 700 |
1 |
|
|a Towe, Christopher M.,
|d 1957-
|9 50630
|
| 852 |
|
|
|a Ayesha Abed Library
|c Akbar Ali Khan Collection
|
| 942 |
|
|
|2 ddc
|c BK
|
| 952 |
|
|
|0 0
|1 0
|2 ddc
|4 0
|6 330_954000000000000_IND
|7 1
|9 71557
|a BRACUL
|b BRACUL
|c AAKC
|d 2022-08-04
|e Donated by Akbar Ali Khan
|l 0
|o 330.954 IND
|p 3010039279
|r 2022-08-04
|t 1
|w 2022-08-04
|y BK
|